| 000 | 00378nam a2200157Ia 4500 | ||
|---|---|---|---|
| 008 | 230917s9999||||xx |||||||||||||| ||und|| | ||
| 040 |
_e79978 _aMAIN |
||
| 041 | _aEnglish | ||
| 082 | _a342 W119A | ||
| 100 | _aWade, William | ||
| 245 | 0 | _aAdministrative law | |
| 250 | _a8th ed. | ||
| 260 |
_aOxford _bOxford University Press _c1994 |
||
| 300 | _axc, 1027 p. | ||
| 942 | _cBK | ||
| 999 |
_c107003 _d107003 |
||